000 00642nam a22002177a 4500
999 _c9860
_d9860
003 AR-CdUCM
008 190328b ||||| |||| 00| 0 spa d
040 _aMUNICIPALIDAD PROVINCIAL DEL CUSCO
_cBIBLIOTECA MUNICIPAL DEL CUSCO
082 _a869.56 /
_bP43W
100 _aPeralta Vásquez, Antero
_926360
245 _aWalaycho :
_bNovela /
260 _aArequipa :
_bJ. Quiroz.
300 _a475, VII páginas ;
_c21 cm.
505 _aContenido: Novela.
650 _aNovelas peruanas
_9545
650 _aNovelas históricas peruanas
_911377
650 _aSiglo XX
_98
650 _aLiteratura
_983
942 _2ddc
_cLIBROS
945 _aachl